[Event "Baku Chess Olympiad | Open"]
[Site "chess24.com"]
[Date "2016.09.12"]
[Round "10"]
[White "Vidit, Santosh Gujrathi"]
[Black "Nepomniachtchi, Ian"]
[Result "1/2-1/2"]
[Board "3"]
[WhiteID "5029465"]
[WhiteElo "2669"]
[WhiteTitle "GM"]
[WhiteCountry "IND"]
[WhiteFideId "5029465"]
[WhiteEloChange "1"]
[BlackID "4168119"]
[BlackElo "2740"]
[BlackTitle "GM"]
[BlackCountry "RUS"]
[BlackFideId "4168119"]
[BlackEloChange "-1"]

1. Nf3 {[%clk 1:30:52]} Nf6 {[%clk 1:30:49]} 2. c4 {[%clk 1:31:15]} c5 {[%clk
1:31:02]} 3. Nc3 {[%clk 1:30:55]} d5 {[%clk 1:26:55]} 4. cxd5 {[%clk 1:27:09]}
Nxd5 {[%clk 1:27:13]} 5. e3 {[%clk 1:27:35]} Nxc3 {[%clk 1:27:07]} 6. dxc3 {[%clk
1:28:03]} Qxd1+ {[%clk 1:25:49]} 7. Kxd1 {[%clk 1:28:31]} Nc6 {[%clk 1:26:01]} 8.
e4 {[%clk 1:28:52]} b6 {[%clk 1:26:09]} 9. Kc2 {[%clk 1:25:21]} Bb7 {[%clk
1:26:16]} 10. Bf4 {[%clk 1:23:20]} f6 {[%clk 1:22:17]} 11. Rd1 {[%clk 1:11:50]}
e5 {[%clk 1:20:21]} 12. Bc1 {[%clk 1:05:12]} Na5 {[%clk 1:19:50]} 13. Bb5+ {[%clk
1:05:31]} Kf7 {[%clk 1:20:01]} 14. Rhe1 {[%clk 1:01:11]} a6 {[%clk 1:19:36]} 15.
Bc4+ {[%clk 0:49:47]} Nxc4 {[%clk 1:18:21]} 16. Rd7+ {[%clk 0:50:14]} Be7 {[%clk
1:18:20]} 17. Rxb7 {[%clk 0:50:41]} Rhb8 {[%clk 1:18:29]} 18. Rxb8 {[%clk
0:44:35]} Rxb8 {[%clk 1:18:54]} 19. b3 {[%clk 0:34:54]} Nd6 {[%clk 1:18:27]} 20.
Nd2 {[%clk 0:35:21]} b5 {[%clk 1:17:49]} 21. f3 {[%clk 0:35:31]} Ke6 {[%clk
1:17:24]} 22. Nf1 {[%clk 0:35:30]} g6 {[%clk 1:17:24]} 23. Ne3 {[%clk 0:33:03]}
f5 {[%clk 1:15:42]} 24. exf5+ {[%clk 0:32:31]} gxf5 {[%clk 1:15:55]} 25. g4
{[%clk 0:32:46]} h5 {[%clk 1:15:27]} 26. gxh5 {[%clk 0:26:36]} Rh8 {[%clk
1:12:52]} 27. Ng2 {[%clk 0:21:35]} Kf6 {[%clk 1:11:26]} 28. Ne3 {[%clk 0:15:20]}
Ke6 {[%clk 1:09:04]} 29. Ng2 {[%clk 0:13:57]} Kf6 {[%clk 0:58:05]} 30. c4 {[%clk
0:14:18]} Rxh5 {[%clk 0:56:44]} 31. Bb2 {[%clk 0:11:36]} Kf7 {[%clk 0:53:14]} 32.
Bxe5 {[%clk 0:11:44]} bxc4 {[%clk 0:53:38]} 33. h4 {[%clk 0:11:58]} cxb3+ {[%clk
0:53:26]} 34. axb3 {[%clk 0:12:24]} Nb5 {[%clk 0:51:04]} 35. Kd3 {[%clk 0:12:31]}
Rh6 {[%clk 0:48:21]} 36. Ne3 {[%clk 0:12:04]} Bxh4 {[%clk 0:43:26]} 37. Nxf5
{[%clk 0:12:13]} Bxe1 {[%clk 0:43:46]} 1/2-1/2

[Event "Baku Chess Olympiad | Open"]
[Site "chess24.com"]
[Date "2016.09.12"]
[Round "10"]
[White "Grischuk, Alexander"]
[Black "Sethuraman, S.P."]
[Result "1/2-1/2"]
[Board "4"]
[WhiteID "4126025"]
[WhiteElo "2754"]
[WhiteTitle "GM"]
[WhiteCountry "RUS"]
[WhiteFideId "4126025"]
[WhiteEloChange "-2"]
[BlackID "5021596"]
[BlackElo "2640"]
[BlackTitle "GM"]
[BlackCountry "IND"]
[BlackFideId "5021596"]
[BlackEloChange "2"]

1. e4 {[%clk 1:30:52]} e5 {[%clk 1:30:43]} 2. Nf3 {[%clk 1:31:14]} Nc6 {[%clk
1:31:08]} 3. Bc4 {[%clk 1:30:57]} Nf6 {[%clk 1:31:28]} 4. d3 {[%clk 1:31:21]} Be7
{[%clk 1:31:19]} 5. O-O {[%clk 1:31:45]} O-O {[%clk 1:31:44]} 6. Re1 {[%clk
1:24:43]} d6 {[%clk 1:32:09]} 7. a3 {[%clk 1:24:50]} h6 {[%clk 1:28:26]} 8. Nc3
{[%clk 1:21:14]} Be6 {[%clk 1:25:39]} 9. Nd5 {[%clk 1:12:52]} Qd7 {[%clk
1:25:33]} 10. c3 {[%clk 0:55:36]} Rae8 {[%clk 1:10:34]} 11. b4 {[%clk 0:48:08]}
Bd8 {[%clk 1:10:29]} 12. Nxf6+ {[%clk 0:44:07]} Bxf6 {[%clk 1:10:49]} 13. Bxe6
{[%clk 0:44:29]} Rxe6 {[%clk 1:07:17]} 14. b5 {[%clk 0:36:03]} Ne7 {[%clk
1:00:49]} 15. c4 {[%clk 0:36:08]} c5 {[%clk 0:57:39]} 16. bxc6 {[%clk 0:35:05]}
Nxc6 {[%clk 0:57:49]} 17. Be3 {[%clk 0:34:35]} Bd8 {[%clk 0:56:24]} 18. Rb1
{[%clk 0:34:39]} f5 {[%clk 0:52:08]} 19. exf5 {[%clk 0:31:11]} Rxf5 {[%clk
0:52:22]} 20. d4 {[%clk 0:30:28]} exd4 {[%clk 0:50:46]} 21. Nxd4 {[%clk 0:27:51]}
Nxd4 {[%clk 0:51:10]} 22. Bxd4 {[%clk 0:26:35]} b6 {[%clk 0:49:57]} 23. Qd3
{[%clk 0:21:45]} Bf6 {[%clk 0:47:10]} 24. Be3 {[%clk 0:19:40]} Rfe5 {[%clk
0:43:36]} 25. Red1 {[%clk 0:19:58]} Qe7 {[%clk 0:37:50]} 26. g3 {[%clk 0:18:42]}
Bg5 {[%clk 0:36:50]} 27. Bd4 {[%clk 0:15:26]} Re4 {[%clk 0:36:47]} 28. a4 {[%clk
0:11:18]} Bf6 {[%clk 0:36:16]} 29. Be3 {[%clk 0:11:45]} Bg5 {[%clk 0:36:12]} 30.
Bd4 {[%clk 0:12:05]} Bf6 {[%clk 0:36:34]} 31. Be3 {[%clk 0:12:13]} Bg5 {[%clk
0:37:00]} 32. Bxg5 {[%clk 0:10:55]} Qxg5 {[%clk 0:36:53]} 33. Rb5 {[%clk
0:09:46]} Qg4 {[%clk 0:30:39]} 34. Kg2 {[%clk 0:08:22]} Qe2 {[%clk 0:29:18]} 35.
Qxe2 {[%clk 0:07:01]} Rxe2 {[%clk 0:29:41]} 36. a5 {[%clk 0:07:13]} 1/2-1/2

[Event "Baku Chess Olympiad | Open"]
[Site "chess24.com"]
[Date "2016.09.12"]
[Round "10"]
[White "Adams, Michael"]
[Black "Mamedyarov, Shakhriyar"]
[Result "1/2-1/2"]
[Board "1"]
[WhiteID "400041"]
[WhiteElo "2738"]
[WhiteTitle "GM"]
[WhiteCountry "ENG"]
[WhiteFideId "400041"]
[BlackID "13401319"]
[BlackElo "2761"]
[BlackTitle "GM"]
[BlackCountry "AZE"]
[BlackFideId "13401319"]

1. e4 {[%clk 1:30:57]} c6 {[%clk 1:30:55]} 2. d4 {[%clk 1:31:22]} d5 {[%clk
1:31:22]} 3. e5 {[%clk 1:31:47]} Bf5 {[%clk 1:31:49]} 4. Nf3 {[%clk 1:32:12]} e6
{[%clk 1:32:12]} 5. Be2 {[%clk 1:32:36]} Nd7 {[%clk 1:32:37]} 6. O-O {[%clk
1:32:42]} Bb4 {[%clk 1:32:59]} 7. Nbd2 {[%clk 1:27:58]} Ba5 {[%clk 1:33:20]} 8.
c3 {[%clk 1:26:26]} Bc7 {[%clk 1:29:09]} 9. Re1 {[%clk 1:26:31]} h6 {[%clk
1:29:24]} 10. Nf1 {[%clk 1:26:28]} Bg6 {[%clk 1:29:47]} 11. Ng3 {[%clk 1:24:14]}
c5 {[%clk 1:30:11]} 12. Bd3 {[%clk 1:19:10]} Ne7 {[%clk 1:00:55]} 13. Bxg6 {[%clk
1:15:50]} Nxg6 {[%clk 1:01:20]} 14. Nh5 {[%clk 1:08:12]} O-O {[%clk 1:00:26]} 15.
Qd2 {[%clk 1:00:26]} Nh4 {[%clk 0:59:59]} 16. Qf4 {[%clk 0:54:16]} Nxf3+ {[%clk
0:58:34]} 17. Qxf3 {[%clk 0:51:29]} Qh4 {[%clk 0:55:59]} 18. Nf4 {[%clk 0:49:52]}
cxd4 {[%clk 0:51:50]} 19. cxd4 {[%clk 0:50:20]} Ba5 {[%clk 0:52:05]} 20. Rd1
{[%clk 0:49:38]} Rac8 {[%clk 0:51:33]} 21. g3 {[%clk 0:36:52]} Qe7 {[%clk
0:51:37]} 22. Qe2 {[%clk 0:37:16]} Rc6 {[%clk 0:46:20]} 23. Be3 {[%clk 0:37:16]}
Rfc8 {[%clk 0:46:43]} 24. Rac1 {[%clk 0:37:30]} Rxc1 {[%clk 0:47:05]} 25. Bxc1
{[%clk 0:37:08]} Bb6 {[%clk 0:37:52]} 26. Be3 {[%clk 0:37:08]} f6 {[%clk
0:34:42]} 27. exf6 {[%clk 0:33:45]} Nxf6 {[%clk 0:35:02]} 28. Kg2 {[%clk
0:31:44]} Qe8 {[%clk 0:31:53]} 29. h4 {[%clk 0:27:51]} Rc6 {[%clk 0:30:22]} 30.
Qd3 {[%clk 0:24:49]} Bc7 {[%clk 0:24:33]} 31. Rc1 {[%clk 0:19:15]} Rxc1 {[%clk
0:16:59]} 1/2-1/2

[Event "Baku Chess Olympiad | Open"]
[Site "chess24.com"]
[Date "2016.09.12"]
[Round "10"]
[White "Mamedov, Rauf"]
[Black "Howell, David W L"]
[Result "1-0"]
[Board "2"]
[WhiteID "13401653"]
[WhiteElo "2666"]
[WhiteTitle "GM"]
[WhiteCountry "AZE"]
[WhiteFideId "13401653"]
[WhiteEloChange "5"]
[BlackID "410608"]
[BlackElo "2665"]
[BlackTitle "GM"]
[BlackCountry "ENG"]
[BlackFideId "410608"]
[BlackEloChange "-5"]

1. e4 {[%clk 1:30:49]} e5 {[%clk 1:30:39]} 2. Nf3 {[%clk 1:31:15]} Nc6 {[%clk
1:30:52]} 3. Bc4 {[%clk 1:31:41]} Bc5 {[%clk 1:30:38]} 4. O-O {[%clk 1:31:59]}
Nf6 {[%clk 1:30:24]} 5. d3 {[%clk 1:32:24]} d6 {[%clk 1:27:37]} 6. c3 {[%clk
1:32:35]} h6 {[%clk 1:21:35]} 7. a4 {[%clk 1:30:38]} a6 {[%clk 1:21:11]} 8. Re1
{[%clk 1:31:03]} O-O {[%clk 1:20:15]} 9. h3 {[%clk 1:31:14]} Ba7 {[%clk 1:14:25]}
10. Nbd2 {[%clk 1:26:19]} Ne7 {[%clk 1:08:07]} 11. d4 {[%clk 1:24:42]} Ng6 {[%clk
1:04:45]} 12. Bf1 {[%clk 1:23:28]} a5 {[%clk 0:53:48]} 13. Nc4 {[%clk 0:54:16]}
exd4 {[%clk 0:40:22]} 14. cxd4 {[%clk 0:54:30]} Re8 {[%clk 0:29:46]} 15. Bd3
{[%clk 0:48:17]} d5 {[%clk 0:20:24]} 16. exd5 {[%clk 0:44:41]} Rxe1+ {[%clk
0:15:50]} 17. Qxe1 {[%clk 0:40:40]} Nxd5 {[%clk 0:15:05]} 18. Nxa5 {[%clk
0:32:10]} c5 {[%clk 0:11:24]} 19. dxc5 {[%clk 0:27:56]} Bxc5 {[%clk 0:11:40]} 20.
Nb3 {[%clk 0:28:15]} Ba7 {[%clk 0:08:50]} 21. Be4 {[%clk 0:25:22]} Ngf4 {[%clk
0:05:25]} 22. Nbd4 {[%clk 0:18:21]} Bd7 {[%clk 0:05:20]} 23. Bxd5 {[%clk
0:06:15]} Nxd5 {[%clk 0:05:49]} 24. Qe4 {[%clk 0:05:56]} Nf6 {[%clk 0:05:01]} 25.
Qxb7 {[%clk 0:02:28]} Bb6 {[%clk 0:03:44]} 26. Bf4 {[%clk 0:02:20]} Ra7 {[%clk
0:02:58]} 27. Qb8 {[%clk 0:02:46]} Qxb8 {[%clk 0:03:24]} 28. Bxb8 {[%clk
0:03:13]} Rxa4 {[%clk 0:03:48]} 29. Rxa4 {[%clk 0:02:08]} Bxa4 {[%clk 0:04:17]}
30. Bd6 {[%clk 0:01:07]} Bd1 {[%clk 0:01:52]} 31. Bf4 {[%clk 0:00:52]} Nd5 {[%clk
0:01:50]} 32. Bd2 {[%clk 0:01:15]} Ba4 {[%clk 0:01:38]} 33. Kf1 {[%clk 0:01:29]}
f6 {[%clk 0:00:38]} 34. Ke2 {[%clk 0:01:52]} Kf7 {[%clk 0:01:03]} 35. Kd3 {[%clk
0:02:08]} h5 {[%clk 0:00:38]} 36. Kc4 {[%clk 0:02:21]} Ne7 {[%clk 0:00:50]} 37.
Bb4 {[%clk 0:02:47]} Bd1 {[%clk 0:00:32]} 38. Bc5 {[%clk 0:03:04]} Bc7 {[%clk
0:00:46]} 39. Nd2 {[%clk 0:02:27]} Ng6 {[%clk 0:00:48]} 40. Ne4 {[%clk 0:32:22]}
Ne5+ {[%clk 0:30:34]} 41. Kc3 {[%clk 0:27:45]} Ba4 {[%clk 0:16:50]} 42. Nd6+
{[%clk 0:23:30]} Kg6 {[%clk 0:12:41]} 43. Ne6 {[%clk 0:17:54]} Bxd6 {[%clk
0:07:20]} 44. Bxd6 {[%clk 0:18:13]} Bc6 {[%clk 0:07:30]} 45. f3 {[%clk 0:16:57]}
Bb5 {[%clk 0:02:09]} 46. Nf4+ {[%clk 0:11:10]} Kf7 {[%clk 0:00:42]} 47. Bxe5
{[%clk 0:09:09]} fxe5 {[%clk 0:01:11]} 48. Nxh5 {[%clk 0:09:36]} Bf1 {[%clk
0:01:23]} 49. g4 {[%clk 0:09:56]} Bg2 {[%clk 0:00:34]} 50. Ng3 {[%clk 0:09:17]}
Bxf3 {[%clk 0:01:01]} 51. g5 {[%clk 0:09:41]} Ke6 {[%clk 0:00:40]} 52. Kc4 {[%clk
0:09:44]} g6 {[%clk 0:00:32]} 53. Kc5 {[%clk 0:09:55]} Kd7 {[%clk 0:00:32]} 54.
h4 {[%clk 0:10:14]} Bg2 {[%clk 0:00:48]} 55. b4 {[%clk 0:10:30]} Ke6 {[%clk
0:00:46]} 56. b5 {[%clk 0:09:47]} Kd7 {[%clk 0:01:15]} 57. b6 {[%clk 0:10:06]}
Ke6 {[%clk 0:00:46]} 58. Nf1 {[%clk 0:10:19]} Bf3 {[%clk 0:00:36]} 59. Ne3 {[%clk
0:10:12]} Ba8 {[%clk 0:00:50]} 60. Kc4 {[%clk 0:05:26]} Bb7 {[%clk 0:00:36]} 61.
Kd3 {[%clk 0:04:48]} Ba6+ {[%clk 0:00:45]} 62. Kd2 {[%clk 0:04:25]} Kd6 {[%clk
0:00:44]} 63. Ng4 {[%clk 0:04:46]} Bc8 {[%clk 0:00:57]} 64. Nf6 {[%clk 0:05:13]}
Bf5 {[%clk 0:00:32]} 65. Ke3 {[%clk 0:05:07]} Kc6 {[%clk 0:00:38]} 66. Nd5 {[%clk
0:05:32]} Bb1 {[%clk 0:00:48]} 67. Kf3 {[%clk 0:02:34]} Kb7 {[%clk 0:01:14]} 68.
Ke3 {[%clk 0:01:37]} Kc6 {[%clk 0:01:40]} 69. Kd2 {[%clk 0:01:50]} Be4 {[%clk
0:01:27]} 70. Nc3 {[%clk 0:02:13]} Bf5 {[%clk 0:01:12]} 71. Na4 {[%clk 0:02:36]}
Bg4 {[%clk 0:00:34]} 72. Kd3 {[%clk 0:02:33]} Bf5+ {[%clk 0:00:52]} 73. Kc4
{[%clk 0:02:58]} Bc2 {[%clk 0:00:38]} 74. Nc3 {[%clk 0:01:32]} Bf5 {[%clk
0:00:34]} 75. Na4 {[%clk 0:00:58]} Bc2 {[%clk 0:01:02]} 76. Nc5 {[%clk 0:01:14]}
Kxb6 {[%clk 0:00:57]} 77. Kd5 {[%clk 0:01:39]} e4 {[%clk 0:00:37]} 78. Nxe4
{[%clk 0:01:48]} Kc7 {[%clk 0:01:03]} 79. Nc5 {[%clk 0:01:40]} Bb1 {[%clk
0:00:39]} 80. Ke5 {[%clk 0:01:48]} Kc6 {[%clk 0:01:05]} 81. Ne6 {[%clk 0:02:14]}
Kd7 {[%clk 0:01:15]} 82. Kf6 {[%clk 0:02:39]} 1-0

[Event "Baku Chess Olympiad | Open"]
[Site "chess24.com"]
[Date "2016.09.12"]
[Round "10"]
[White "Jones, Gawain C B"]
[Black "Naiditsch, Arkadij"]
[Result "1-0"]
[Board "3"]
[WhiteID "409561"]
[WhiteElo "2635"]
[WhiteTitle "GM"]
[WhiteCountry "ENG"]
[WhiteFideId "409561"]
[WhiteEloChange "6"]
[BlackID "4650891"]
[BlackElo "2696"]
[BlackTitle "GM"]
[BlackCountry "AZE"]
[BlackFideId "4650891"]
[BlackEloChange "-6"]

1. e4 {[%clk 1:30:48]} e5 {[%clk 1:31:15]} 2. Nf3 {[%clk 1:31:14]} Nc6 {[%clk
1:31:15]} 3. Bc4 {[%clk 1:31:14]} Nf6 {[%clk 1:31:27]} 4. d4 {[%clk 1:31:19]}
exd4 {[%clk 1:30:40]} 5. e5 {[%clk 1:31:41]} d5 {[%clk 1:28:35]} 6. Bb5 {[%clk
1:32:02]} Ne4 {[%clk 1:28:34]} 7. Nxd4 {[%clk 1:32:16]} Bd7 {[%clk 1:28:54]} 8.
Bxc6 {[%clk 1:32:31]} bxc6 {[%clk 1:29:16]} 9. O-O {[%clk 1:32:22]} Be7 {[%clk
1:20:22]} 10. f3 {[%clk 1:30:41]} Nc5 {[%clk 1:16:37]} 11. f4 {[%clk 1:27:09]}
Ne4 {[%clk 1:16:31]} 12. f5 {[%clk 1:15:27]} c5 {[%clk 1:11:17]} 13. Ne2 {[%clk
0:54:52]} Bb5 {[%clk 1:05:09]} 14. a4 {[%clk 0:49:28]} Ba6 {[%clk 1:05:09]} 15.
Nbc3 {[%clk 0:49:28]} Nxc3 {[%clk 1:01:18]} 16. bxc3 {[%clk 0:49:50]} Qd7 {[%clk
1:01:18]} 17. Rf2 {[%clk 0:47:42]} O-O-O {[%clk 0:57:00]} 18. Nf4 {[%clk
0:47:42]} g5 {[%clk 0:26:42]} 19. Nh5 {[%clk 0:39:59]} Rhg8 {[%clk 0:27:04]} 20.
Qg4 {[%clk 0:38:50]} Kb8 {[%clk 0:26:17]} 21. Bd2 {[%clk 0:29:27]} Ka8 {[%clk
0:26:21]} 22. Re1 {[%clk 0:27:13]} Bc4 {[%clk 0:26:35]} 23. a5 {[%clk 0:27:13]}
Rb8 {[%clk 0:24:03]} 24. h3 {[%clk 0:23:55]} h6 {[%clk 0:20:06]} 25. Qf3 {[%clk
0:19:45]} Qc8 {[%clk 0:12:59]} 26. Ng3 {[%clk 0:17:34]} Re8 {[%clk 0:08:14]} 27.
Qh5 {[%clk 0:16:30]} f6 {[%clk 0:07:33]} 28. Qxh6 {[%clk 0:13:45]} Rh8 {[%clk
0:08:01]} 29. Qg7 {[%clk 0:13:42]} Qd8 {[%clk 0:07:18]} 30. Qf7 {[%clk 0:07:04]}
fxe5 {[%clk 0:07:18]} 31. f6 {[%clk 0:07:04]} Bd6 {[%clk 0:07:12]} 32. Bxg5
{[%clk 0:07:26]} Qg8 {[%clk 0:04:03]} 33. Qxg8 {[%clk 0:06:40]} Rbxg8 {[%clk
0:04:31]} 34. h4 {[%clk 0:07:00]} e4 {[%clk 0:04:31]} 35. Nf5 {[%clk 0:06:49]}
Be5 {[%clk 0:04:31]} 36. g4 {[%clk 0:01:45]} Bxc3 {[%clk 0:04:36]} 37. Re3 {[%clk
0:02:11]} Be5 {[%clk 0:02:10]} 38. Ne7 {[%clk 0:02:19]} Rb8 {[%clk 0:01:44]} 39.
Ng6 {[%clk 0:02:23]} d4 {[%clk 0:01:10]} 40. Nxe5 {[%clk 0:30:46]} dxe3 {[%clk
0:31:21]} 41. Bxe3 {[%clk 0:24:20]} Rxh4 {[%clk 0:31:41]} 42. Nxc4 {[%clk
0:15:04]} Rb1+ {[%clk 0:31:34]} 43. Kg2 {[%clk 0:15:29]} Rxg4+ {[%clk 0:31:43]}
44. Kh3 {[%clk 0:15:24]} Rg8 {[%clk 0:31:05]} 45. Kh2 {[%clk 0:14:57]} Kb7 {[%clk
0:25:57]} 46. f7 {[%clk 0:14:54]} Rf8 {[%clk 0:25:57]} 47. Bxc5 {[%clk 0:13:56]}
Rh8+ {[%clk 0:25:57]} 48. Kg2 {[%clk 0:13:35]} Rbh1 {[%clk 0:26:19]} 49. f8Q
{[%clk 0:13:22]} 1-0

[Event "Baku Chess Olympiad | Open"]
[Site "chess24.com"]
[Date "2016.09.12"]
[Round "10"]
[White "Safarli, Eltaj"]
[Black "Short, Nigel D"]
[Result "0-1"]
[Board "4"]
[WhiteID "13402129"]
[WhiteElo "2688"]
[WhiteTitle "GM"]
[WhiteCountry "AZE"]
[WhiteFideId "13402129"]
[WhiteEloChange "-5"]
[BlackID "400025"]
[BlackElo "2666"]
[BlackTitle "GM"]
[BlackCountry "ENG"]
[BlackFideId "400025"]
[BlackEloChange "5"]

1. e4 {[%clk 1:30:50]} e6 {[%clk 1:30:41]} 2. d4 {[%clk 1:31:13]} d5 {[%clk
1:31:02]} 3. Nd2 {[%clk 1:31:31]} c5 {[%clk 1:31:16]} 4. Ngf3 {[%clk 1:31:17]}
Nc6 {[%clk 1:30:24]} 5. exd5 {[%clk 1:31:22]} exd5 {[%clk 1:30:50]} 6. Bb5 {[%clk
1:31:04]} cxd4 {[%clk 1:29:23]} 7. O-O {[%clk 1:24:33]} Bd6 {[%clk 1:29:49]} 8.
Nxd4 {[%clk 1:22:42]} Ne7 {[%clk 1:24:25]} 9. Qh5 {[%clk 1:16:55]} O-O {[%clk
1:21:00]} 10. N2f3 {[%clk 1:16:56]} f6 {[%clk 1:19:39]} 11. Bd3 {[%clk 1:02:22]}
g6 {[%clk 1:17:59]} 12. Qh4 {[%clk 0:56:21]} Rf7 {[%clk 1:12:28]} 13. Re1 {[%clk
0:54:43]} Ne5 {[%clk 1:10:41]} 14. h3 {[%clk 0:48:14]} Bd7 {[%clk 1:07:32]} 15.
Bd2 {[%clk 0:47:06]} Qb6 {[%clk 1:02:03]} 16. Bc3 {[%clk 0:45:27]} Nxd3 {[%clk
0:57:14]} 17. cxd3 {[%clk 0:45:36]} g5 {[%clk 0:57:40]} 18. Qh5 {[%clk 0:44:56]}
Ng6 {[%clk 0:58:03]} 19. Nh2 {[%clk 0:42:55]} Bc5 {[%clk 0:48:45]} 20. Nb3 {[%clk
0:23:01]} Bxf2+ {[%clk 0:45:53]} 21. Kh1 {[%clk 0:23:29]} Bxe1 {[%clk 0:44:58]}
22. Rxe1 {[%clk 0:23:54]} Qd6 {[%clk 0:36:48]} 23. Ng4 {[%clk 0:21:56]} Bxg4
{[%clk 0:36:02]} 24. Qxg4 {[%clk 0:22:14]} Qd7 {[%clk 0:33:27]} 25. Qf3 {[%clk
0:13:28]} Re8 {[%clk 0:32:16]} 26. Rf1 {[%clk 0:13:35]} f5 {[%clk 0:25:57]} 27.
Qh5 {[%clk 0:12:44]} g4 {[%clk 0:26:05]} 28. Nd4 {[%clk 0:11:29]} Re5 {[%clk
0:25:40]} 29. Nc2 {[%clk 0:09:33]} d4 {[%clk 0:25:43]} 30. Nxd4 {[%clk 0:10:00]}
Rd5 {[%clk 0:25:39]} 31. Ne2 {[%clk 0:08:00]} Rxd3 {[%clk 0:23:17]} 32. hxg4
{[%clk 0:06:52]} Rd1 {[%clk 0:23:37]} 33. Rg1 {[%clk 0:07:13]} Rxg1+ {[%clk
0:23:39]} 34. Nxg1 {[%clk 0:07:41]} fxg4 {[%clk 0:23:57]} 0-1

[Event "Baku Chess Olympiad | Open"]
[Site "chess24.com"]
[Date "2016.09.12"]
[Round "10"]
[White "Shirov, Alexei"]
[Black "Bareev, Evgeny"]
[Result "1-0"]
[Board "1"]
[WhiteID "2209390"]
[WhiteElo "2673"]
[WhiteTitle "GM"]
[WhiteCountry "LAT"]
[WhiteFideId "2209390"]
[WhiteEloChange "5"]
[BlackID "4100140"]
[BlackElo "2675"]
[BlackTitle "GM"]
[BlackCountry "CAN"]
[BlackFideId "4100140"]
[BlackEloChange "-5"]

1. e4 {[%clk 1:30:58]} c6 {[%clk 1:30:35]} 2. d4 {[%clk 1:31:22]} d5 {[%clk
1:31:02]} 3. e5 {[%clk 1:31:47]} Bf5 {[%clk 1:31:29]} 4. Nf3 {[%clk 1:32:09]} e6
{[%clk 1:31:51]} 5. Be2 {[%clk 1:32:36]} Ne7 {[%clk 1:31:41]} 6. O-O {[%clk
1:31:56]} Nc8 {[%clk 1:30:33]} 7. Bd3 {[%clk 1:13:37]} Bxd3 {[%clk 1:28:54]} 8.
Qxd3 {[%clk 1:11:34]} Nb6 {[%clk 1:28:24]} 9. a4 {[%clk 1:05:58]} a5 {[%clk
1:22:25]} 10. Nc3 {[%clk 1:06:22]} Be7 {[%clk 1:21:59]} 11. Ne2 {[%clk 1:00:21]}
N6d7 {[%clk 1:13:43]} 12. h4 {[%clk 0:47:10]} c5 {[%clk 1:09:02]} 13. c3 {[%clk
0:34:29]} cxd4 {[%clk 1:02:52]} 14. cxd4 {[%clk 0:34:54]} Bxh4 {[%clk 1:01:51]}
15. Nxh4 {[%clk 0:26:08]} Qxh4 {[%clk 1:02:16]} 16. Qb5 {[%clk 0:26:34]} Ra7
{[%clk 0:55:49]} 17. Ra3 {[%clk 0:26:54]} O-O {[%clk 0:53:28]} 18. Rg3 {[%clk
0:26:12]} Kh8 {[%clk 0:49:31]} 19. Bg5 {[%clk 0:17:32]} Qe4 {[%clk 0:49:50]} 20.
Nc3 {[%clk 0:09:16]} Qf5 {[%clk 0:49:54]} 21. Qe2 {[%clk 0:09:41]} f6 {[%clk
0:43:25]} 22. Nb5 {[%clk 0:07:03]} Ra6 {[%clk 0:43:26]} 23. exf6 {[%clk 0:02:29]}
Nxf6 {[%clk 0:43:48]} 24. Bxf6 {[%clk 0:02:51]} Rxf6 {[%clk 0:38:44]} 25. Rf3
{[%clk 0:02:38]} Qg6 {[%clk 0:32:53]} 26. Qe5 {[%clk 0:02:29]} Nd7 {[%clk
0:32:52]} 27. Rxf6 {[%clk 0:02:55]} Nxf6 {[%clk 0:31:11]} 28. Qb8+ {[%clk
0:03:09]} Qe8 {[%clk 0:31:09]} 29. Qxb7 {[%clk 0:03:32]} Rc6 {[%clk 0:30:46]} 30.
Nc7 {[%clk 0:02:59]} Qd7 {[%clk 0:30:56]} 31. Qa8+ {[%clk 0:03:25]} Ng8 {[%clk
0:31:14]} 32. Nb5 {[%clk 0:03:50]} Rc2 {[%clk 0:30:02]} 33. Qxa5 {[%clk 0:03:42]}
Rxb2 {[%clk 0:30:21]} 34. Qc3 {[%clk 0:03:15]} Re2 {[%clk 0:29:38]} 35. Re1
{[%clk 0:01:02]} Rxe1+ {[%clk 0:27:26]} 36. Qxe1 {[%clk 0:01:28]} Ne7 {[%clk
0:27:49]} 37. Qb4 {[%clk 0:01:44]} Kg8 {[%clk 0:27:44]} 38. Qc5 {[%clk 0:01:03]}
Qd8 {[%clk 0:24:08]} 39. Nd6 {[%clk 0:00:50]} Qa8 {[%clk 0:23:19]} 40. Qc7 {[%clk
0:31:04]} Nf5 {[%clk 0:45:04]} 1-0

[Event "Baku Chess Olympiad | Open"]
[Site "chess24.com"]
[Date "2016.09.12"]
[Round "10"]
[White "Kovalyov, Anton"]
[Black "Kovalenko, Igor"]
[Result "1-0"]
[Board "2"]
[WhiteID "114987"]
[WhiteElo "2617"]
[WhiteTitle "GM"]
[WhiteCountry "CAN"]
[WhiteFideId "114987"]
[WhiteEloChange "5"]
[BlackID "14117908"]
[BlackElo "2651"]
[BlackTitle "GM"]
[BlackCountry "LAT"]
[BlackFideId "14117908"]
[BlackEloChange "-5"]

1. c4 {[%clk 1:30:56]} e5 {[%clk 1:30:58]} 2. g3 {[%clk 1:31:13]} Nf6 {[%clk
1:31:24]} 3. Bg2 {[%clk 1:31:31]} c6 {[%clk 1:31:50]} 4. d4 {[%clk 1:31:32]} exd4
{[%clk 1:32:15]} 5. Qxd4 {[%clk 1:31:52]} d5 {[%clk 1:32:43]} 6. Nf3 {[%clk
1:32:06]} Be6 {[%clk 1:33:10]} 7. cxd5 {[%clk 1:32:24]} cxd5 {[%clk 1:33:37]} 8.
O-O {[%clk 1:32:39]} Nc6 {[%clk 1:34:05]} 9. Qd3 {[%clk 1:32:55]} h6 {[%clk
1:24:31]} 10. a3 {[%clk 1:25:13]} Be7 {[%clk 1:02:00]} 11. Nc3 {[%clk 1:23:59]}
O-O {[%clk 1:02:25]} 12. Rd1 {[%clk 1:20:26]} Rc8 {[%clk 0:53:53]} 13. Bf4 {[%clk
1:20:14]} Re8 {[%clk 0:47:46]} 14. Rac1 {[%clk 1:18:47]} Qb6 {[%clk 0:38:06]} 15.
Qb5 {[%clk 1:11:07]} Na5 {[%clk 0:32:00]} 16. Qxb6 {[%clk 1:07:30]} axb6 {[%clk
0:32:21]} 17. Nb5 {[%clk 1:06:40]} g5 {[%clk 0:12:08]} 18. Bd6 {[%clk 1:03:34]}
Rxc1 {[%clk 0:10:07]} 19. Rxc1 {[%clk 1:03:52]} Bd7 {[%clk 0:10:34]} 20. Bxe7
{[%clk 1:02:23]} Rxe7 {[%clk 0:11:01]} 21. Nc3 {[%clk 1:01:36]} Nc4 {[%clk
0:05:03]} 22. Nd4 {[%clk 0:55:43]} Nxb2 {[%clk 0:03:54]} 23. Nxd5 {[%clk
0:53:37]} Nxd5 {[%clk 0:04:18]} 24. Bxd5 {[%clk 0:54:01]} Re5 {[%clk 0:04:10]}
25. e4 {[%clk 0:52:22]} Na4 {[%clk 0:03:38]} 26. Rc7 {[%clk 0:51:22]} Nc5 {[%clk
0:04:05]} 27. Nb3 {[%clk 0:46:43]} Bc6 {[%clk 0:00:55]} 28. Nxc5 {[%clk 0:46:38]}
bxc5 {[%clk 0:01:18]} 29. f4 {[%clk 0:46:43]} Bxd5 {[%clk 0:00:53]} 30. fxe5
{[%clk 0:47:05]} Bxe4 {[%clk 0:01:21]} 31. Kf2 {[%clk 0:46:49]} Bc6 {[%clk
0:01:47]} 32. Rxc6 {[%clk 0:46:50]} 1-0